| 000 | 00975 a2200217 4500 | ||
|---|---|---|---|
| 001 | 54619 | ||
| 005 | 20260407155820.0 | ||
| 008 | 260407a1998 arg spa d | ||
| 003 | AR-UNSa-BCEJYS | ||
| 040 |
_aAR-UNSa-BCEJYS _bspa _cAR-UNSa-BCEJYS |
||
| 080 |
_a327 _xRelaciones internacionales. Política internacional. Asuntos internacionales. Política exterior |
||
| 245 | 1 | 0 |
_aEl mercado de la virtud _pmoral y responsabilidad social en la sociedad liberal |
| 020 | _a84-7432-612-5 | ||
| 264 | 1 |
_aBarcelona : _bGedisa _c1998 |
|
| 300 |
_a270 p. _c19,5 cm. |
||
| 505 | _a1. Introducción: una visión al liberalismo – 2. Maximización de utilidad y sujeción normativa – 3. Sujeción normativa y surgimiento de las normas – 4. Simulación y confianza – 5. Punto de vista moral e identidad moral – 6. El mercado de la virtud. | ||
| 942 | _cBK | ||
| 590 | _aniveau_biblio:m niveau_hierar:0 | ||
| 100 | 1 | _aBaurmann, Michael | |
| 700 | 1 | _aGarzón Valdés, Ernesto | |
| 999 |
_c5693 _d5693 |
||